000 00354nam a2200145Ia 4500
008 150201s1991 xx 000 0 und d
082 _a611
_bH1991C
100 _aCHAURASIA
245 _aHUMAN OSTEOLOGY
250 _a1ST
260 _bC.B.S PUBLISHERS & DISTRIBUTERS
_aDELHI
_c1991
300 _a1-184
650 _aHUMAN OSTEOLOGY
942 _2ddc
_cBK
_03
999 _c2470
_d2470